|
|
|
|
| LEADER |
01129cam a2200277 7i4500 |
| 001 |
0000029715 |
| 005 |
20170828090000.0 |
| 008 |
090908 bm |
| 020 |
|
|
|a 9789832482949 (pbk.)
|
| 020 |
|
|
|a 9832482941 (pbk.)
|
| 090 |
0 |
0 |
|a BP130.45
|b .M53 2002
|
| 100 |
0 |
|
|a Mazlan Ibrahim
|
| 245 |
1 |
0 |
|a Sejarah dan pandangan ulama tafsir mengenai tafsir ilmiy
|c Mazlan Ibrahim.
|
| 260 |
|
|
|a Shah Alam, Selangor:
|b Karisma Pub. Sdn. Bhd.,
|c 2002.
|
| 300 |
|
|
|a iv, 102 p.;
|c 22 cm.
|
| 490 |
0 |
|
|a Siri Pengajian Islam Karisma
|
| 504 |
|
|
|a Includes bibliographical references
|
| 650 |
0 |
0 |
|a Knowledge, Theory of (Islam)
|
| 650 |
0 |
0 |
|a Philosophy, Islamic
|
| 650 |
0 |
0 |
|a Qur'an --
|x Hermeneutics --
|x History
|
| 997 |
|
|
|a Education & Social Sciences, Faculty
|b Education, Department
|
| 999 |
|
|
|a 0000034718
|b BOK
|c OPEN SHELF
|e 1st Floor, Bestari Jaya
|
| 999 |
|
|
|a 0000034719
|b BOK
|c OPEN SHELF
|e 1st Floor, Bestari Jaya
|
| 999 |
|
|
|a 0000034720
|b BOK
|c OPEN SHELF
|e 1st Floor, Bestari Jaya
|
| 999 |
|
|
|a 0000034721
|b BOK
|c OPEN SHELF
|e 1st Floor, Bestari Jaya
|
| 999 |
|
|
|a 0000034722
|b BOK
|c OPEN SHELF
|e 1st Floor, Bestari Jaya
|